Score 0/26 Timer 02:00
0 Plays Today
Clue Word % Correct
____ in a podPEAS
92.7%
Wild hogBOAR
91.5%
JacketCOAT
91.2%
Water transportationBOAT
91.1%
Caribbean and MediterraneanSEAS
91.1%
PriceCOST
90.9%
Group of actorsCAST
89.3%
Witch's blemishWART
87.1%
Lawyer's assignment CASE
85.2%
ScorchSEAR
83.2%
Short for PersianPERS
82.5%
Indiana Jones's signature weaponWHIP
79.5%
'Hold your horses!'WAIT
75.9%
Clue Word % Correct
Ackbar's movie series [Rung 13] ____WARS
73.3%
Shoot upSOAR
68.9%
Scores to shoot forPARS
68.7%
Smallest part imaginableWHIT
64.7%
Ackbar's movie series ____ [Rung 19]STAR
64.5%
ComfortEASE
64.5%
AlternativelyELSE
58.4%
Mrs. Albert Einstein ELSA
56.8%
'Casablanca' heroineILSA
51.7%
Tortilla SandwichWRAP
51.2%
With the first rung [Rung 1] ____TRAP
46.8%
With the last rung __'_ _ [Rung 26]IT'S A
46.5%
LarrupWHAP
44.7%

Today's Daily Dose

Remove Ads.
Support Sporcle.
Get the best of Sporcle when you Go Orange. This ad-free experience offers more features, more stats, and more fun while also helping to support Sporcle. Thank you for becoming a member.

You're not logged in!

Compare scores with friends on all Sporcle quizzes.
OR
Log In

Show Comments

Extras

Top Quizzes Today


Score Distribution

Your Account Isn't Verified!

In order to create a playlist on Sporcle, you need to verify the email address you used during registration. Go to your Sporcle Settings to finish the process.

Report this User

Report this user for behavior that violates our Community Guidelines.

Details: